| 000 | 00953 a2200193 4500 | ||
|---|---|---|---|
| 001 | 30281 | ||
| 005 | 20260407155614.0 | ||
| 008 | 260407a1979 arg spa d | ||
| 003 | AR-UNSa-BCEJYS | ||
| 040 |
_aAR-UNSa-BCEJYS _bspa _cAR-UNSa-BCEJYS |
||
| 080 |
_a657.633 _xDetalles técnicos de la auditoría. Comprobaciones internas |
||
| 245 | 1 | 0 | _aAuditoría bancaria |
| 264 | 1 |
_aBuenos Aires : _bTesis _c1979 |
|
| 300 |
_a270 p. _c22 cm. |
||
| 505 | _a1. Concepto de auditoría - 2. Clases de auditoría - 3. Programas y técnicas de revisión - 4. Ubicación de la auditoría bancaria interna - 5. Estructura de la auditoría bancaria - 6. Funcionamiento de la auditoría bancaria - 7. Disciplinas técnicas auxiliares del auditor - 8. Costos del control y de la auditoría - 9. Estafas a bancos - 10. Auditoría del procesamiento electrónico de datos | ||
| 942 | _cBK | ||
| 590 | _aniveau_biblio:m niveau_hierar:0 | ||
| 100 | 1 | _aDevincenzi, Juan A. | |
| 999 |
_c2079 _d2079 |
||